| 000 | 00836nam a2200241 i 4500 | ||
|---|---|---|---|
| 001 | 15898 | ||
| 003 | ES-MaACL | ||
| 005 | 20231227062626.0 | ||
| 007 | t| | ||
| 008 | 000517s1998 sp ||||1| spa d | ||
| 020 | _a84-7846-774-2 | ||
| 080 | _a929 Menéndez Pidal, Ramón | ||
| 100 | 1 |
_aPérez Pascual, X. Ignácio. _991075 |
|
| 245 | 1 | 0 |
_aRamón Menéndez Pidal _b: ciencia y pasión / _cJosé Ignacio Pérez Pascual. |
| 260 |
_a[Valladolid] : _bConsejería de Educación y Cultura, _c1998. |
||
| 300 |
_a398 p. : _bil. ; _c24 cm. |
||
| 490 | 1 | _aVillalar 98. Serie maior | |
| 600 | 1 | 4 |
_aMenéndez Pidal, Ramón, _d1869-1968 _980315 |
| 710 | 2 |
_aCastilla y León. _bConsejería de Educación y Cultura. _92500 |
|
| 830 | 0 |
_aVillalar 98. Serie maior _9179834 |
|
| 852 |
_aES-MaACL _jL-22872 _bR.128290 |
||
| 999 |
_c15898 _d15898 |
||